|
|
|
|
| LEADER |
01383nam a2200337 i 4500 |
| 001 |
27992 |
| 003 |
BD-DhAAL |
| 005 |
20220616100615.0 |
| 008 |
140423s2012 bg a b 000 0 eng d |
| 999 |
|
|
|c 14300
|d 14300
|
| 010 |
|
|
|a 2012337860
|
| 020 |
|
|
|a 9789845061018
|
| 040 |
|
|
|a DLC
|c DLC
|d DLC
|d BD-DhAAL
|
| 041 |
|
|
|a eng
|
| 043 |
|
|
|a a-bg---
|
| 050 |
0 |
0 |
|a HC440.8
|b .L43 2012
|
| 082 |
|
|
|a 338.95492
|2 23
|
| 245 |
0 |
0 |
|a Leading issues in Bangladesh development /
|c edited by Sadiq Ahmed.
|
| 260 |
|
|
|a Dhaka:
|b University Press Limited,
|c c2012
|
| 300 |
|
|
|a xvii, 304 p :
|b illustrations ;
|c 22 cm
|
| 504 |
|
|
|a Includes bibliographical references.
|
| 520 |
|
|
|a Contributed articles.
|
| 541 |
|
|
|a Donated By Akbar Ali Khan
|e 27992, 38719
|
| 650 |
|
0 |
|a Economic development
|z Bangladesh.
|9 4322
|
| 650 |
|
0 |
|a Economics.
|9 49388
|
| 651 |
|
0 |
|a Bangladesh
|x Economic conditions
|y 21st century.
|9 4323
|
| 700 |
1 |
|
|a Ahmed, Sadiq.
|9 4324
|
| 852 |
|
|
|a Ayesha Abed Library
|c Akbar Ali Khan Collection
|
| 942 |
|
|
|2 ddc
|c BK
|
| 952 |
|
|
|0 0
|1 0
|2 ddc
|4 0
|6 338_954920000000000_LEA
|7 0
|9 24184
|a IGS
|b IGS
|c GEN
|d 2014-04-23
|e The University Press Limited
|g 900.00
|l 0
|o 338.95492 LEA
|p 3010027992
|r 2014-04-23
|t 1
|w 2014-04-23
|y BK
|
| 952 |
|
|
|0 0
|1 0
|2 ddc
|4 0
|6 338_954920000000000_LEA
|7 1
|9 70940
|a BRACUL
|b BRACUL
|c AAKC
|d 2022-06-16
|e Donated by Akbar Ali Khan
|l 0
|o 338.95492 LEA
|p 3010038719
|r 2022-06-16
|t 2
|w 2022-06-16
|y BK
|